Central Library OPAC University of Rajshahi
Normal view MARC view

Entry Personal Name

Number of records used in: 2

001 - CONTROL NUMBER

  • control field: 13005

003 - CONTROL NUMBER IDENTIFIER

  • control field: BD-RjUL

005 - DATE AND TIME OF LATEST TRANSACTION

  • control field: 20240514125508.0

008 - FIXED-LENGTH DATA ELEMENTS

  • fixed length control field: 240514|| aca||aabn | a|a d

040 ## - CATALOGING SOURCE

  • Original cataloging agency: BD-RjUL
  • Transcribing agency: BD-RjUL

100 ## - HEADING--PERSONAL NAME

  • Personal name: রেজা, শাহ আহমদ

670 ## - SOURCE DATA FOUND

  • Source citation: Work cat.: (BD-RjUL)83740: রেজা, শাহ আহমদ , ভাসানীর কাগমারী সম্মেলন ও স্বায়ত্তশাসনের সংগ্রাম /, ১৯৮৬